000 00958nam a2200229Ii 4500
003 JO-AjNU
008 230605s9999||||xx |||||||||||||| ||und||
017 _a2108/7/3548
020 _a978- 9923- 15- 005- 4
040 _aJO-AjNU
_bara
_erda
_cJO-AjNU
041 _aara
050 1 4 _aK3400 2020
100 3 _aالحيط، عادل عزام سقف؛ ثائر الوحيدي,
_eauthor
_959180
245 0 0 _aالدليل العملي في التحقيق الإداري : دراسة مقارنة
250 _aط1
264 3 1 _aعمان: دار الثقافة للنشر والتوزيع، 2020
300 _a280ص
_bيحتوي على أمثلة عملية من ص 235- 247 ويحتوي على ملاحق من ص249- 265 ومصادر ومراجع من ص274- 280
336 _atext
_btxt
_2rdacontent
337 _aunmediated
_bn
_2rdamedia
338 _avolume
_bnc
_2rdacarrier
650 4 _aالقاون الإداري- إدارة الأفراد
_959181
999 _aA26618
_c30186
_d30186